| 000 | 01786cam a2200493 i 4500 | ||
|---|---|---|---|
| 001 | 200468152 | ||
| 003 | TR-AnTOB | ||
| 005 | 20260416142729.0 | ||
| 007 | ta | ||
| 008 | 260416s1969 ilu b 000 1 eng d | ||
| 010 | _a 67021601 | ||
| 020 | _a0810100134 | ||
| 020 | _a9780810100138 | ||
| 035 | _a2171709 | ||
| 040 |
_aDLC _beng _erda _cDLC _dDLC _dTR-AnTOB |
||
| 041 | 0 | _aeng | |
| 050 | 0 | 0 |
_aPS2384 _b.R4 1969 |
| 090 |
_aPS2384 _b.R4 1969 TıpFaK |
||
| 100 | 1 |
_aMelville, Herman, _d1819-1891 _eauthor _942465 |
|
| 245 | 1 | 0 |
_aRedburn, his first voyage : _bbeing the sailor-boy confessions and reminiscences of the son-of-a-gentleman, in the merchant service / _cHerman Melville; editors Harrison Hayford, Hershel Parker, G. Thomas Tanselle. |
| 264 | 1 |
_aEvanston [Ill.] : _bNorthwestern University Press, _c1969. |
|
| 300 |
_axi, 384 pages ; _c25 cm |
||
| 336 |
_atext _btxt _2rdacontent |
||
| 337 |
_aunmediated _bn _2rdamedia |
||
| 338 |
_avolume _bnc _2rdacarrier |
||
| 490 | 0 |
_aThe writings of Herman Melville, _vvolume 4 |
|
| 504 | _aBIB | ||
| 650 | 0 |
_aSailors _vFiction. _9153495 |
|
| 650 | 0 |
_aYoung men _vFiction. _95168 |
|
| 650 | 0 |
_aSeafaring life _vFiction. _95223 |
|
| 650 | 0 |
_aMerchant mariners _vFiction. |
|
| 650 | 0 |
_aAmericans _zEngland _vFiction. _95379 |
|
| 651 | 0 |
_aLiverpool (England) _vFiction. |
|
| 655 | 7 |
_aAutobiographical fiction. _2gsafd _95169 |
|
| 655 | 7 |
_aBildungsromans. _2gsafd _95156 |
|
| 655 | 7 |
_aSea stories. _2gsafd _990716 |
|
| 655 | 7 |
_aFiction. _2lcgft _0https://id.loc.gov/authorities/genreForms/gf2014026339 _9151487 |
|
| 700 |
_aHayford, Harrison _eeditor _942467 |
||
| 700 | 1 |
_aParker, Hershel _eeditor _942468 |
|
| 700 | 1 |
_aTanselle, G. Thomas _eeditor _9153718 |
|
| 942 |
_2lcc _cBK |
||
| 999 |
_c200468152 _d86364 |
||